|
|
|
|
| LEADER |
00950nab a2200169 i 4500 |
| 001 |
univ67793 |
| 005 |
20231009112028.0 |
| 008 |
231009s2023 hu o 0|| hun d |
| 040 |
|
|
|a SZTE UnivHistória Repozitórium
|b hun
|
| 041 |
|
|
|a hun
|
| 245 |
0 |
0 |
|a Coursera tartalmak a hallgatói életút minden állomásához
|h [elektronikus dokumentum]
|
| 260 |
|
|
|c 2023-10-06
|
| 490 |
0 |
|
|a SZTE Info
|
| 561 |
|
|
|a Egyetemi hirarchívum
|
| 695 |
|
|
|a Nemzetközi kapcsolatok, Együttműködési megállapodás - Coursera for SZTE - online felsőoktatási platform - Lighthouse 2.0, Szegedi látogatás, Hadi Moussa - Coursera Európáért, Közel-Keletért és Afrikáért felelős igazgatója, Oktatás - online, Egyetemi polgárok
|
| 700 |
0 |
2 |
|a Sahin-Tóth István
|
| 856 |
4 |
0 |
|u http://univ.bibl.u-szeged.hu/67793/1/Szegedi%20Tudom%C3%A1nyegyetem%20_%20Coursera%20tartalmak%20a%20hallgat%C3%B3i%20%C3%A9let%C3%BAt%20minden%20%C3%A1llom%C3%A1s%C3%A1hoz.pdf
|z Dokumentum-elérés
|